[Event "16th EUR-ch"]
[Site "Jerusalem ISR"]
[Date "2015.02.27"]
[Round "4"]
[White "Kerner, Michael"]
[Black "Cohen Revivo, Shoham"]
[Result "1-0"]
[WhiteElo "2063"]
[BlackElo "1838"]
[EventDate "2015.02.24"]
[PlyCount "107"]

1.e4 e6 2.Qe2 c5 3.Nf3 Nc6 4.g3 g6 5.Bg2 Bg7 6.d3 Nge7 7.h4 Qa5+ 8.c3 h5 
9.Nbd2 d5 10.O-O O-O 11.e5 Nf5 12.Re1 Qb6 13.Nf1 d4 14.c4 a5 15.Bf4 a4 16.
a3 Na5 17.Ng5 Nb3 18.Rad1 Bh6 19.Qf3 Kg7 20.Ne4 Bxf4 21.Qxf4 Bd7 22.Nf6 
Bc6 23.Qg5 Rh8 24.Be4 Qd8 25.Bxc6 bxc6 26.Ne4 Qxg5 27.hxg5 Rhb8 28.Re2 Ra5
29.Kg2 Rd8 30.Nh2 Rg8 31.Nf3 Rd8 32.Rh1 Rb8 33.Kh3 Rh8 34.Nh4 Nxh4 35.Kxh4
Ra7 36.f3 Rc7 37.Reh2 Ra7 38.Kh3 Ra6 39.Re2 Ra7 40.Kg2 Rd7 41.Kf2 Ra7 42.
Rc2 Rd7 43.Ke2 Rb7 44.Kd1 Rd7 45.Rch2 Rdd8 46.Nf6 Rb8 47.Rh4 Rbd8 48.R1h2 
Rb8 49.g4 hxg4 50.Rh7+ Rxh7 51.Rxh7+ Kf8 52.Rh8+ Ke7 53.Rxb8 gxf3 54.Re8# 
1-0

[Event "16th EUR-ch"]
[Site "Jerusalem ISR"]
[Date "2015.02.27"]
[Round "4"]
[White "Zlotogorski, Itay"]
[Black "Or, Yochanan"]
[Result "1-0"]
[WhiteElo "2033"]
[BlackElo "1822"]
[EventDate "2015.02.24"]
[PlyCount "93"]

1.e4 e6 2.d3 c5 3.g3 d5 4.Qe2 dxe4 5.dxe4 Bd7 6.Bg2 Nc6 7.Nf3 Be7 8.O-O h6
9.c3 Rc8 10.e5 Bg5 11.Na3 Bxc1 12.Raxc1 Nge7 13.Rfd1 O-O 14.Nh4 a6 15.Nc4 
b5 16.Nd6 Rb8 17.f4 Qc7 18.Rd2 Rbd8 19.Rcd1 c4 20.Qf2 Na5 21.h3 Bc6 22.Qc5
Qb8 23.Nxb5 Bxg2 24.Nxg2 Rxd2 25.Rxd2 Nd5 26.Na3 Nb7 27.Qxc4 Rc8 28.Qxa6 
Qc7 29.Qe2 Qc5+ 30.Qf2 Qa5 31.Ne3 Nxc3 32.Nac4 Rxc4 33.Nxc4 Qxa2 34.bxc3 
Qxc4 35.Qd4 Qc6 36.Rb2 Qf3 37.Qf2 Qd1+ 38.Kh2 Qd5 39.Qg2 Nc5 40.Qxd5 exd5 
41.Rb5 Ne4 42.Rxd5 Nxc3 43.Rc5 Ne4 44.Rc7 Kf8 45.Kg2 g6 46.Kf3 f5 47.g4 
1-0

[Event "16th EUR-ch"]
[Site "Jerusalem ISR"]
[Date "2015.02.27"]
[Round "4"]
[White "Iliaguev, Daniel"]
[Black "Toporkova, Sofia"]
[Result "1-0"]
[WhiteElo "1813"]
[BlackElo "1962"]
[EventDate "2015.02.24"]
[PlyCount "91"]

1.e4 e5 2.Nf3 Nc6 3.d4 exd4 4.Nxd4 Bb4+ 5.Nc3 Qe7 6.f3 d5 7.Bb5 Bd7 8.Bxc6
bxc6 9.O-O Bxc3 10.bxc3 Nh6 11.exd5 O-O 12.dxc6 Bc8 13.Bxh6 gxh6 14.Qd2 
Qd6 15.f4 Kh8 16.f5 Rg8 17.Rae1 Ba6 18.Rf2 Bc4 19.f6 Rg6 20.Qf4 Qa3 21.Nb3
Bd5 22.Qxc7 Rag8 23.g3 Qa4 24.Nd4 Qc4 25.Qd6 Qxc3 26.Rd1 Rxg3+ 27.hxg3 
Rxg3+ 28.Kf1 Bc4+ 29.Ne2 Rg8 30.c7 Qe3 31.Qh2 Bxe2+ 32.Rxe2 Qf3+ 33.Ke1 
Qc3+ 34.Rdd2 Qa1+ 35.Kf2 Qxf6+ 36.Ke3 Re8+ 37.Kd3 Qa6+ 38.Kc3 Qa3+ 39.Kd4 
Qb2+ 40.Kd3 Qb5+ 41.c4 Qb1+ 42.Kd4 Qb6+ 43.c5 Qb4+ 44.Kd5 Qb7+ 45.Kd6 Qa6+
46.c6 1-0

[Event "16th EUR-ch"]
[Site "Jerusalem ISR"]
[Date "2015.02.27"]
[Round "4"]
[White "Vardi, Shlomit"]
[Black "Gottfried, Jonathan"]
[Result "1-0"]
[WhiteElo "1945"]
[BlackElo "1653"]
[EventDate "2015.02.24"]
[PlyCount "73"]

1.e4 e5 2.Nf3 Nc6 3.Bc4 Nf6 4.d3 Be7 5.Nbd2 O-O 6.c3 d5 7.Bb3 Bg4 8.h3 Bh5
9.Qe2 dxe4 10.dxe4 Bg6 11.Nh4 Bxe4 12.Nxe4 Nxe4 13.Nf5 Nf6 14.O-O Re8 15.
Qc4 Rf8 16.Qb5 Qd7 17.Nxe7+ Qxe7 18.Qxb7 Na5 19.Qf3 Nxb3 20.axb3 Rfd8 21.
Ra5 Qe6 22.b4 e4 23.Qe2 Rd5 24.Ra6 Rd6 25.Ra3 Nd5 26.Re1 Nb6 27.Bf4 Rc6 
28.Qxe4 Qd7 29.Rxa7 Rf8 30.Qb1 Rg6 31.Rxc7 Qd5 32.Qe4 Re6 33.Qb1 Rg6 34.g3
Qh5 35.Kg2 Nd5 36.Rc4 Nf6 37.Re5 1-0

[Event "16th EUR-ch"]
[Site "Jerusalem ISR"]
[Date "2015.02.27"]
[Round "4"]
[White "Gorodetzky, Matan"]
[Black "Bronstein, Or"]
[Result "1-0"]
[WhiteElo "1733"]
[BlackElo "1944"]
[EventDate "2015.02.24"]
[PlyCount "75"]

1.e4 c5 2.c3 Qa5 3.Nf3 e6 4.e5 Nc6 5.Na3 d5 6.exd6 Bxd6 7.Nc4 Qc7 8.d4 Nf6
9.Be3 cxd4 10.Nxd4 Nxd4 11.Qxd4 Be7 12.Bf4 Qc5 13.Nd6+ Bxd6 14.Qxd6 Qxd6 
15.Bxd6 Bd7 16.f3 Bc6 17.O-O-O O-O-O 18.c4 Ne8 19.Bg3 Rxd1+ 20.Kxd1 h5 21.
h4 Rh6 22.Bd3 Rh8 23.Kc2 Nf6 24.Rd1 Nd7 25.Kc3 f6 26.b4 b6 27.Bc2 Nf8 28.
Rd6 Bb7 29.c5 bxc5 30.bxc5 e5 31.Kc4 Kc7 32.Bf5 Bc8 33.Bxc8 Kxc8 34.c6 Kc7
35.Kc5 Rh6 36.Be1 a6 37.Ba5+ Kb8 38.Rd8+ 1-0

[Event "16th EUR-ch"]
[Site "Jerusalem ISR"]
[Date "2015.02.27"]
[Round "4"]
[White "Fainman, Tomer"]
[Black "Lukovski, Lev"]
[Result "1-0"]
[WhiteElo "1571"]
[BlackElo "1932"]
[EventDate "2015.02.24"]
[PlyCount "95"]

1.d4 d6 2.Nf3 Nf6 3.Bg5 Nbd7 4.e3 b6 5.c4 g6 6.Be2 Bg7 7.Nc3 O-O 8.h3 Re8 
9.O-O c5 10.Rc1 cxd4 11.exd4 Bb7 12.Re1 h6 13.Bh4 Rc8 14.Qa4 a6 15.Qc2 Nh5
16.Ne4 d5 17.Nd6 Nf4 18.Nxe8 Qxe8 19.Qd2 Nxe2+ 20.Qxe2 e6 21.b3 a5 22.cxd5
Bxd5 23.Red1 Rxc1 24.Rxc1 Qa8 25.Bg3 Qb7 26.Rc7 Bxf3 27.Rxb7 Bxe2 28.Rxd7 
b5 29.Rd8+ Kh7 30.Be5 a4 31.Bxg7 Kxg7 32.f4 axb3 33.axb3 Bd1 34.b4 Be2 35.
Kf2 Bc4 36.Rc8 Bd3 37.g4 Kf6 38.Rc5 Ke7 39.d5 exd5 40.Rxd5 Bc4 41.Rc5 Bd3 
42.Ke3 Bf1 43.h4 Kd6 44.f5 Kd7 45.Kf4 Kd6 46.fxg6 fxg6 47.h5 g5+ 48.Kf5 
1-0

[Event "16th EUR-ch"]
[Site "Jerusalem ISR"]
[Date "2015.03.01"]
[Round "5"]
[White "Kempinski, Robert"]
[Black "Motylev, Alexander"]
[Result "1/2-1/2"]
[WhiteElo "2625"]
[BlackElo "2665"]
[EventDate "2015.02.24"]
[PlyCount "52"]

1.d4 d5 2.c4 c6 3.e3 Nf6 4.Nf3 Bf5 5.Nc3 e6 6.Nh4 Bg6 7.Be2 Nbd7 8.g3 Bd6 
9.O-O Qe7 10.Qb3 Rb8 11.Bd2 a6 12.Rfe1 Ne4 13.Nxg6 hxg6 14.Nxe4 dxe4 15.
Kg2 f5 16.Rad1 g5 17.h3 Nf6 18.Bc3 f4 19.exf4 gxf4 20.gxf4 Bxf4 21.d5 e5 
22.dxc6 Qe6 23.Rh1 Qxc6 24.c5 e3+ 25.Bf3 e4 26.Bg4 exf2 1/2-1/2

[Event "16th EUR-ch"]
[Site "Jerusalem ISR"]
[Date "2015.03.01"]
[Round "5"]
[White "Vovk, Yuri"]
[Black "Smirin, Ilia"]
[Result "1/2-1/2"]
[WhiteElo "2588"]
[BlackElo "2650"]
[EventDate "2015.02.24"]
[PlyCount "70"]

1.d4 Nf6 2.c4 g6 3.Nc3 Bg7 4.e4 d6 5.Nf3 O-O 6.Be2 e5 7.O-O Nc6 8.d5 Ne7 
9.a4 c5 10.a5 Nd7 11.Nb5 Nb8 12.b4 Na6 13.bxc5 Nxc5 14.Nd2 Bh6 15.Ba3 b6 
16.Bb4 Ba6 17.Qb1 f5 18.axb6 axb6 19.exf5 Nxf5 20.Bxc5 bxc5 21.Ne4 Bxb5 
22.cxb5 Nd4 23.Bc4 Rxa1 24.Qxa1 Qh4 25.Qb1 Bf4 26.h3 Nf3+ 27.Kh1 Nd2 28.
Nxd2 Bxd2 29.Qd3 Rxf2 30.b6 Rxf1+ 31.Qxf1 Ba5 32.b7 Bc7 33.Kh2 Qf4+ 34.
Qxf4 exf4 35.g3 fxg3+ 1/2-1/2

[Event "16th EUR-ch"]
[Site "Jerusalem ISR"]
[Date "2015.03.01"]
[Round "5"]
[White "Najer, Evgeniy"]
[Black "Sutovsky, Emil"]
[Result "1/2-1/2"]
[WhiteElo "2634"]
[BlackElo "2626"]
[EventDate "2015.02.24"]
[PlyCount "36"]

1.d4 Nf6 2.c4 g6 3.Nf3 Bg7 4.g3 d5 5.cxd5 Nxd5 6.Bg2 Nb6 7.O-O Nc6 8.e3 
O-O 9.Nc3 Re8 10.Qd2 e5 11.d5 Na5 12.Qc2 Nac4 13.e4 Nd6 14.b3 f5 15.Nd2 
Bd7 16.a4 Nbc8 17.Nc4 Nxc4 18.bxc4 c5 1/2-1/2

[Event "16th EUR-ch"]
[Site "Jerusalem ISR"]
[Date "2015.03.01"]
[Round "5"]
[White "Matlakov, Maxim"]
[Black "Bukavshin, Ivan"]
[Result "1/2-1/2"]
[WhiteElo "2695"]
[BlackElo "2622"]
[EventDate "2015.02.24"]
[PlyCount "167"]

1.d4 d5 2.c4 e6 3.Nf3 Nf6 4.Nc3 c6 5.e3 Nbd7 6.Qc2 Bd6 7.Bd3 e5 8.cxd5 
cxd5 9.Nb5 Bb8 10.dxe5 Nxe5 11.Nxe5 Bxe5 12.Bd2 O-O 13.Bc3 Bxc3+ 14.Qxc3 
Bd7 15.O-O Bxb5 16.Bxb5 Qb6 17.Qb3 Rac8 18.Bd3 Qxb3 19.axb3 a6 20.Rfc1 Ne4
21.b4 Nd2 22.Rd1 Nc4 23.Bf5 Rc6 24.Rxd5 Nxb2 25.b5 Rb6 26.bxa6 Rxa6 27.
Rxa6 bxa6 28.Ra5 Rd8 29.g4 g6 30.Be4 Rd1+ 31.Kg2 Rd2 32.Kf1 Nd1 33.Ke1 Rd6
34.Rc5 Nb2 35.Ke2 Na4 36.Rc7 Nb6 37.Ra7 Nd7 38.g5 Nc5 39.Bc2 Rd7 40.Ra8+ 
Kg7 41.h4 h6 42.f4 hxg5 43.hxg5 Rb7 44.Kf3 Rb2 45.Bd1 Nd3 46.Rxa6 Ne1+ 47.
Ke4 Rb4+ 48.Kd5 Rb8 49.Ba4 Ng2 50.Ke4 Rb4+ 51.Kf3 Nh4+ 52.Ke2 Rb2+ 53.Kd3 
Ra2 54.Bb5 Rxa6 55.Bxa6 Nf5 56.e4 Nd6 57.Kd4 Kf8 58.Kd5 Ke7 59.Bf1 Ne8 60.
Ke5 Kf8 61.Bb5 Nc7 62.Bc4 Ne8 63.Kd5 Ke7 64.Bb3 Nc7+ 65.Kc6 Ne8 66.Bc2 Ng7
67.Kd5 Ne6 68.Ke5 Nc5 69.Bb1 Ne6 70.Ba2 Nf8 71.Bb3 Nd7+ 72.Kd5 Nf8 73.Kc6 
Nh7 74.Ba2 Nf8 75.Bc4 Nh7 76.e5 Nf8 77.Kc7 Nh7 78.Bd3 Nf8 79.Bc4 Nh7 80.
Ba2 Nf8 81.Bd5 Nh7 82.Bb7 Nxg5 83.fxg5 Ke6 84.Kd8 1/2-1/2

[Event "16th EUR-ch"]
[Site "Jerusalem ISR"]
[Date "2015.03.01"]
[Round "5"]
[White "Moiseenko, Alexander"]
[Black "Erdos, Viktor"]
[Result "1/2-1/2"]
[WhiteElo "2695"]
[BlackElo "2615"]
[EventDate "2015.02.24"]
[PlyCount "23"]

1.d4 Nf6 2.c4 g6 3.f3 c5 4.d5 e6 5.e4 d6 6.Ne2 Bg7 7.Nec3 exd5 8.cxd5 a6 
9.a4 Nh5 10.Be3 f5 11.Qd2 f4 12.Bf2 1/2-1/2

[Event "16th EUR-ch"]
[Site "Jerusalem ISR"]
[Date "2015.03.01"]
[Round "5"]
[White "Sjugirov, Sanan"]
[Black "Andriasian, Zaven"]
[Result "1/2-1/2"]
[WhiteElo "2678"]
[BlackElo "2612"]
[EventDate "2015.02.24"]
[PlyCount "145"]

1.e4 c5 2.Nf3 d6 3.d4 cxd4 4.Nxd4 Nf6 5.Nc3 a6 6.f3 e6 7.Be3 Be7 8.Qd2 b5 
9.O-O-O Bb7 10.g4 Nc6 11.g5 Nd7 12.Nxc6 Bxc6 13.h4 Rc8 14.a3 Bb7 15.h5 Ne5
16.Be2 Qc7 17.h6 g6 18.Qd4 Rg8 19.Qd2 Nc4 20.Bxc4 Qxc4 21.Qh2 Kd7 22.Rd4 
Qc6 23.Rhd1 Rgd8 24.Qe5 Kc7 25.Qg7 Rf8 26.R4d3 Kb8 27.Qxh7 a5 28.Qg7 e5 
29.R1d2 Qe8 30.h7 b4 31.Nd5 Bxd5 32.Rxd5 Qa4 33.R5d3 b3 34.c3 Qc4 35.Qh6 
Rh8 36.Qh3 Rc7 37.Rd1 Bf8 38.R3d2 d5 39.Kb1 d4 40.cxd4 Bb4 41.Rf2 Be1 42.
Rxe1 Qd3+ 43.Ka1 Qxe3 44.Rff1 Qxd4 45.Rd1 Qe3 46.Rh1 Qxg5 47.Qf1 Qe7 48.
Qb5+ Rb7 49.Qxa5 f6 50.Rd5 Qc7 51.Qd2 Qb6 52.Rd6 Rhxh7 53.Rc1 Rh2 54.Rxb6 
Rxd2 55.Rxf6 Rc7 56.Rb1 Rc3 57.Rxg6 Rxf3 58.Re6 Re2 59.Rxe5 Rfe3 60.Rc1 
Re1 61.Kb1 Ka7 62.Rb5 Ka6 63.Rb4 R1e2 64.Rc6+ Ka7 65.Rc7+ Ka6 66.Rc6+ Ka7 
67.Rc3 Re1+ 68.Rc1 R1e2 69.Rd1 Rd3 70.Rc1 Rde3 71.Rbc4 Rxe4 72.Rxe4 Rxe4 
73.Rd1 1/2-1/2

[Event "16th EUR-ch"]
[Site "Jerusalem ISR"]
[Date "2015.03.01"]
[Round "5"]
[White "Inarkiev, Ernesto"]
[Black "Solak, Dragan"]
[Result "1/2-1/2"]
[WhiteElo "2675"]
[BlackElo "2607"]
[EventDate "2015.02.24"]
[PlyCount "151"]

1.d4 d5 2.c4 c6 3.Nc3 Nf6 4.e3 a6 5.Nf3 b5 6.b3 Bg4 7.a4 b4 8.Ne2 Nbd7 9.
Ne5 Nxe5 10.dxe5 Bxe2 11.Bxe2 Ne4 12.Bb2 e6 13.O-O Nc3 14.Qd3 dxc4 15.Qxc4
Qd5 16.Rfc1 Qxc4 17.Bxc4 a5 18.Bf1 Kd7 19.Bxc3 bxc3 20.Rxc3 Bb4 21.Rd1+ 
Kc7 22.Rc4 Rad8 23.Rdc1 c5 24.Rxb4 axb4 25.Rxc5+ Kb6 26.Rb5+ Ka7 27.Rxb4 
Rd1 28.g3 Rb8 29.Rf4 Rb7 30.Kg2 Rd5 31.Re4 Kb6 32.b4 Rc7 33.a5+ Kb7 34.h4 
Rd2 35.g4 h6 36.g5 hxg5 37.hxg5 Kb8 38.Kg3 Rc1 39.Bg2 Rb2 40.Rd4 Rcc2 41.
Bf3 g6 42.Rf4 Rc7 43.Bg2 Rb1 44.Rd4 Rcc1 45.Be4 Rg1+ 46.Kf4 Rb2 47.Kf3 Rf1
48.Kg3 Rfxf2 49.Rd7 Rfe2 50.a6 Rxe3+ 51.Bf3 Ra3 52.Rb7+ Kc8 53.Rxf7 Kb8 
54.Rb7+ Kc8 55.Rf7 Kb8 56.Rf6 Rbb3 57.b5 Ka7 58.Kg2 Rb2+ 59.Kg3 Rbb3 60.
Kg4 Ra4+ 61.Kh3 Raa3 62.Kg3 Rc3 63.Kg4 Rc4+ 64.Rf4 Raa4 65.Rxc4 Rxc4+ 66.
Kg3 Rc5 67.Kf4 Rxb5 68.Be4 Rb4 69.Ke3 Kxa6 70.Bxg6 Rg4 71.Bf7 Rxg5 72.Ke4 
Rg4+ 73.Ke3 Rg7 74.Bxe6 Re7 75.Bc4+ Kb6 76.Kd4 1/2-1/2

[Event "16th EUR-ch"]
[Site "Jerusalem ISR"]
[Date "2015.03.01"]
[Round "5"]
[White "Pantsulaia, Levan"]
[Black "Sargissian, Gabriel"]
[Result "0-1"]
[WhiteElo "2615"]
[BlackElo "2668"]
[EventDate "2015.02.24"]
[PlyCount "80"]

1.Nf3 d5 2.g3 g6 3.c4 dxc4 4.Bg2 Bg7 5.Na3 Nc6 6.Nxc4 e5 7.d3 e4 8.dxe4 
Qxd1+ 9.Kxd1 Nf6 10.Nfd2 Be6 11.e3 O-O-O 12.Ke2 Rhe8 13.f3 Nd7 14.Rb1 Nb4 
15.a3 Na2 16.Ra1 Nb6 17.Rxa2 Nxc4 18.b3 Nxd2 19.Rxd2 Bxb3 20.h4 Bc3 21.
Rxd8+ Rxd8 22.f4 b5 23.e5 a5 24.Bc6 b4 25.axb4 axb4 26.h5 Be6 27.hxg6 hxg6
28.Kf3 Kb8 29.g4 Ka7 30.Be4 Bc4 31.Bb1 Kb6 32.e4 c5 33.Be3 Kb5 34.g5 b3 
35.Rc1 Bb2 36.Rh1 Bc3 37.Rc1 Kb4 38.Bxc5+ Kxc5 39.Rxc3 Rd1 40.Bc2 Rc1 0-1

[Event "16th EUR-ch"]
[Site "Jerusalem ISR"]
[Date "2015.03.01"]
[Round "5"]
[White "Kuzubov, Yuriy"]
[Black "Goganov, Aleksey"]
[Result "1/2-1/2"]
[WhiteElo "2667"]
[BlackElo "2605"]
[EventDate "2015.02.24"]
[PlyCount "256"]

1.e4 e5 2.Nf3 Nc6 3.Bb5 a6 4.Bxc6 dxc6 5.O-O f6 6.d4 Bg4 7.dxe5 Qxd1 8.
Rxd1 fxe5 9.Rd3 Bd6 10.Nbd2 Nf6 11.Nc4 Nxe4 12.Nfxe5 Bxe5 13.Nxe5 Be6 14.
f3 Nd6 15.Bf4 O-O-O 16.Re1 Rde8 17.Bg3 c5 18.a3 a5 19.Rd2 a4 20.Rde2 Bf5 
21.Bf2 b6 22.g4 Bd7 23.Bg3 Rhf8 24.Nxd7 Kxd7 25.Kf2 Rxe2+ 26.Rxe2 Nc4 27.
Be5 g6 28.Re4 b5 29.Bc3 Re8 30.Rxe8 Kxe8 31.Ke2 Kd7 32.Kd3 Ke6 33.Bg7 Kd5 
34.Kc3 Nd6 35.Bf6 b4+ 36.axb4 Nb5+ 37.Kd3 cxb4 38.c4+ bxc3 39.Bxc3 Nxc3 
40.Kxc3 g5 41.Kb4 Kd4 42.Kxa4 Ke3 43.Kb5 Kxf3 44.Kc6 Kxg4 45.Kxc7 Kh3 46.
b4 Kxh2 47.b5 g4 48.b6 g3 49.b7 g2 50.b8=Q g1=Q 51.Kb7+ Qg3 52.Qf8 h5 53.
Ka6 h4 54.Qf1 Qd6+ 55.Ka5 Qd2+ 56.Ka6 h3 57.Qf3 Qa2+ 58.Kb5 Qb2+ 59.Ka6 
Qd4 60.Kb5 Qe5+ 61.Ka6 Qe6+ 62.Ka5 Kg1 63.Qg3+ Kf1 64.Qf3+ Ke1 65.Qc3+ Ke2
66.Qc2+ Ke3 67.Qc3+ Ke4 68.Qc2+ Kd5 69.Qd3+ Kc5 70.Qa3+ Kc6 71.Qc3+ Kd7 
72.Qg7+ Kd6 73.Qf8+ Ke5 74.Qf2 Qf5 75.Qg3+ Kd5 76.Ka6 Qf1+ 77.Ka5 Qa1+ 78.
Kb5 Qb2+ 79.Ka5 Qd2+ 80.Ka6 Qe2+ 81.Ka5 h2 82.Qb3+ Kd4 83.Qb6+ Kd3 84.Qb5+
Kd2 85.Qb2+ Ke1 86.Qc1+ Kf2 87.Qf4+ Kg2 88.Qg5+ Kh3 89.Qh6+ Kg3 90.Qd6+ 
Kg2 91.Qg6+ Kf2 92.Qf6+ Qf3 93.Qh4+ Kg2 94.Qg5+ Kh3 95.Qh6+ Kg3 96.Qg5+ 
Qg4 97.Qe3+ Kh4 98.Qe1+ Qg3 99.Qe4+ Kh3 100.Qf5+ Kg2 101.Qc2+ Qf2 102.Qg6+
Kf1 103.Qd3+ Qe2 104.Qh3+ Ke1 105.Qh4+ Kd1 106.Qa4+ Kc1 107.Qa1+ Kc2 108.
Qa4+ Kd2 109.Qd4+ Ke1 110.Qh4+ Kd1 111.Qa4+ Qc2 112.Qa1+ Ke2 113.Qe5+ Kd3 
114.Qf5+ Kc3 115.Qe5+ Kb3 116.Qd5+ Qc4 117.Qd1+ Kb2 118.Qh1 Qc5+ 119.Ka6 
Qg1 120.Qb7+ Ka1 121.Qf3 Qg6+ 122.Ka5 Qc2 123.Qh1+ Kb2 124.Qb7+ Ka2 125.
Qd5+ Ka3 126.Qf3+ Qb3 127.Qh1 Qc3+ 128.Ka6 Qc4+ 1/2-1/2

[Event "16th EUR-ch"]
[Site "Jerusalem ISR"]
[Date "2015.03.01"]
[Round "5"]
[White "Howell, David"]
[Black "Svetushkin, Dmitry"]
[Result "1/2-1/2"]
[WhiteElo "2663"]
[BlackElo "2592"]
[EventDate "2015.02.24"]
[PlyCount "70"]

1.Nf3 Nf6 2.c4 e6 3.g3 d5 4.Bg2 Be7 5.O-O O-O 6.b3 b6 7.Bb2 Bb7 8.e3 Nbd7 
9.Nc3 Ne4 10.Ne2 Bf6 11.d4 dxc4 12.bxc4 c5 13.Nf4 Nd6 14.Rc1 Rc8 15.Nh5 
cxd4 16.Ba3 Bxf3 17.Qxf3 Be7 18.Bxd6 Bxd6 19.exd4 Rc7 20.Qe3 Qe7 21.Rfd1 
Rfc8 22.Bf1 g6 23.Nf4 Qf6 24.Nh3 e5 25.dxe5 Qxe5 26.Qf3 Bf8 27.Nf4 Bh6 28.
Bh3 Bxf4 29.Rxd7 Rxd7 30.Bxd7 Bxc1 31.Bxc8 Qc5 32.Ba6 Bb2 33.Kg2 Bd4 34.
Bb5 Kg7 35.a4 Qe5 1/2-1/2

[Event "16th EUR-ch"]
[Site "Jerusalem ISR"]
[Date "2015.03.01"]
[Round "5"]
[White "Akopian, Vladimir"]
[Black "Mchedlishvili, Mikheil"]
[Result "1/2-1/2"]
[WhiteElo "2660"]
[BlackElo "2586"]
[EventDate "2015.02.24"]
[PlyCount "91"]

1.e4 c6 2.d4 d5 3.e5 Bf5 4.Nf3 e6 5.Be2 h6 6.O-O Ne7 7.Nbd2 Nd7 8.Nb3 g5 
9.a4 Bg7 10.a5 O-O 11.Be3 f6 12.exf6 Bxf6 13.Ne1 Bh7 14.Nd3 Nf5 15.Ndc5 
Nxc5 16.Nxc5 Qe7 17.c3 b6 18.Nd3 c5 19.Bg4 Nxe3 20.fxe3 Kg7 21.Qd2 Qd6 22.
axb6 axb6 23.Rxa8 Rxa8 24.Qf2 Rf8 25.Ne5 Bg8 26.Qg3 Bxe5 27.dxe5 Rxf1+ 28.
Kxf1 Qf8+ 29.Ke1 Qf7 30.Qf3 Qg6 31.e4 Bf7 32.exd5 exd5 33.Bf5 Qc6 34.h4 
Qa4 35.hxg5 Qh4+ 36.Kd1 Qxg5 37.e6 Bg6 38.g4 h5 39.Qxd5 hxg4 40.Qd7+ Kf6 
41.Bb1 Qh5 42.Qd8+ Kxe6 43.Qxb6+ Kf7 44.Bxg6+ Qxg6 45.Qxg6+ Kxg6 46.b4 
1/2-1/2

[Event "16th EUR-ch"]
[Site "Jerusalem ISR"]
[Date "2015.03.01"]
[Round "5"]
[White "Nisipeanu, Liviu-Dieter"]
[Black "Parligras, Mircea-Emilian"]
[Result "1-0"]
[WhiteElo "2654"]
[BlackElo "2583"]
[EventDate "2015.02.24"]
[PlyCount "133"]

1.d4 Nf6 2.c4 e6 3.Nf3 d5 4.Nc3 c5 5.cxd5 cxd4 6.Qxd4 exd5 7.Bg5 Be7 8.e3 
O-O 9.Bd3 h6 10.Bh4 Nc6 11.Qa4 Be6 12.O-O a6 13.Rad1 b5 14.Qc2 Rc8 15.Qb1 
Qb6 16.Bf5 Rcd8 17.Ne2 Bxf5 18.Qxf5 Rd6 19.Bg3 Rd7 20.Ne5 Nxe5 21.Bxe5 Qe6
22.Nd4 Qxf5 23.Nxf5 Bd8 24.Rc1 Re8 25.Bd4 g6 26.Rc8 gxf5 27.Bxf6 Kf8 28.
Bd4 Re6 29.Rfc1 Ke7 30.g3 Bb6 31.Bxb6 Rxb6 32.Rd1 Rdd6 33.b4 d4 34.exd4 f4
35.d5 fxg3 36.hxg3 a5 37.a3 axb4 38.axb4 Rf6 39.Kg2 Ra6 40.Rc7+ Kd6 41.Rb7
Rf5 42.f4 Rxd5 43.Rxd5+ Kxd5 44.Rxb5+ Ke6 45.Re5+ Kf6 46.Re2 Rb6 47.Rb2 
Rb5 48.Kf3 Ke6 49.Ke4 Kd6 50.Kd4 Kc6 51.Kc4 Rh5 52.Ra2 Rh3 53.Ra6+ Kd7 54.
Ra7+ Ke6 55.Ra3 h5 56.Rd3 Rh1 57.b5 Rc1+ 58.Kb4 Rb1+ 59.Rb3 Rf1 60.b6 Kd7 
61.Rc3 Rb1+ 62.Ka5 Ra1+ 63.Kb5 Rb1+ 64.Ka6 Ra1+ 65.Kb7 Ra4 66.Rd3+ Ke6 67.
Kc6 1-0

[Event "16th EUR-ch"]
[Site "Jerusalem ISR"]
[Date "2015.03.01"]
[Round "5"]
[White "Ipatov, Alexander"]
[Black "Khismatullin, Denis"]
[Result "1/2-1/2"]
[WhiteElo "2592"]
[BlackElo "2653"]
[EventDate "2015.02.24"]
[PlyCount "85"]

1.d4 Nf6 2.c4 e6 3.Nf3 b6 4.a3 Bb7 5.Nc3 d5 6.Bg5 Be7 7.Qa4+ c6 8.Bxf6 
Bxf6 9.cxd5 exd5 10.g3 O-O 11.Bg2 Re8 12.O-O Na6 13.Rad1 g6 14.Rfe1 Bg7 
15.e4 dxe4 16.Nxe4 Qc7 17.d5 b5 18.d6 bxa4 19.dxc7 Rec8 20.Nd6 Rxc7 21.Ne8
Rcc8 22.Nxg7 Kxg7 23.Re7 Nc5 24.Ng5 Rf8 25.h4 Rae8 26.Rde1 Rxe7 27.Rxe7 a5
28.Rc7 h6 29.Ne4 Nxe4 30.Bxe4 Re8 31.Bxg6 Kxg6 32.Rxb7 Re2 33.Rb6 Rc2 34.
Ra6 Kg7 35.Rxa5 Rxb2 36.Rxa4 Ra2 37.Rg4+ Kf6 38.Rf4+ Ke6 39.a4 c5 40.Kf1 
Kd5 41.Rxf7 c4 42.Rc7 Kd4 43.Rd7+ 1/2-1/2

[Event "16th EUR-ch"]
[Site "Jerusalem ISR"]
[Date "2015.03.01"]
[Round "5"]
[White "Volokitin, Andrei"]
[Black "Vocaturo, Daniele"]
[Result "1-0"]
[WhiteElo "2646"]
[BlackElo "2579"]
[EventDate "2015.02.24"]
[PlyCount "75"]

1.e4 e5 2.Nf3 Nc6 3.Bb5 Nf6 4.O-O Nxe4 5.d4 Nd6 6.Bxc6 dxc6 7.dxe5 Nf5 8.
Qxd8+ Kxd8 9.Rd1+ Ke8 10.Nc3 Ne7 11.h3 Ng6 12.b3 Be7 13.Bb2 Bf5 14.Nd4 Bd7
15.Re1 Rd8 16.e6 Bc8 17.Nf5 Bf6 18.Na4 Bxb2 19.Nxb2 Rd5 20.exf7+ Kxf7 21.
Ne3 Re5 22.Nd3 Re7 23.f3 h5 24.g4 b6 25.Ng2 c5 26.Rxe7+ Nxe7 27.Ngf4 g6 
28.Re1 Nc6 29.Nd5 hxg4 30.hxg4 Ba6 31.N3f4 Bb7 32.Re6 g5 33.Rf6+ Ke8 34.
Ng6 Rg8 35.Rxc6 Bxc6 36.Nf6+ Kf7 37.Nxg8 Ke6 38.Kf2 1-0

[Event "16th EUR-ch"]
[Site "Jerusalem ISR"]
[Date "2015.03.01"]
[Round "5"]
[White "Brkic, Ante"]
[Black "Dreev, Aleksey"]
[Result "1/2-1/2"]
[WhiteElo "2586"]
[BlackElo "2643"]
[EventDate "2015.02.24"]
[PlyCount "70"]

1.e4 c6 2.d4 d5 3.e5 Bf5 4.Nf3 e6 5.Be2 Ne7 6.O-O Bg6 7.c3 Nc8 8.Qb3 b5 9.
a4 bxa4 10.Qxa4 a5 11.Bg5 Be7 12.Bxe7 Qxe7 13.Nbd2 Nb6 14.Qa3 N8d7 15.Ra2 
a4 16.Rfa1 Qxa3 17.Rxa3 Ke7 18.b3 axb3 19.Nxb3 Rxa3 20.Rxa3 f6 21.Ra7 Ra8 
22.Na5 c5 23.Rxa8 Nxa8 24.Nc6+ Ke8 25.dxc5 Nxc5 26.c4 dxc4 27.Bxc4 Nb6 28.
Bb5 Bd3 29.Bxd3 Nxd3 30.exf6 gxf6 31.Ncd4 Ke7 32.Kf1 Nd5 33.g3 Nc3 34.Ne1 
Nc5 35.Nec2 Nd5 1/2-1/2

[Event "16th EUR-ch"]
[Site "Jerusalem ISR"]
[Date "2015.03.01"]
[Round "5"]
[White "Popov, Ivan"]
[Black "Stefansson, Hannes"]
[Result "1/2-1/2"]
[WhiteElo "2639"]
[BlackElo "2573"]
[EventDate "2015.02.24"]
[PlyCount "54"]

1.e4 e5 2.Nf3 Nc6 3.d4 exd4 4.Nxd4 Nf6 5.Nxc6 bxc6 6.e5 Qe7 7.Qe2 Nd5 8.
Nd2 g6 9.Nf3 Bg7 10.c4 Nb6 11.h4 Ba6 12.b3 O-O-O 13.Bg5 Qb4+ 14.Qd2 Qxd2+ 
15.Kxd2 Rde8 16.Re1 d5 17.exd6 cxd6 18.Be3 h6 19.g3 c5 20.Bh3+ Kc7 21.Bf4 
Bb7 22.Rxe8 Rxe8 23.Re1 Rxe1 24.Nxe1 h5 25.Bg2 Bxg2 26.Nxg2 Kc6 27.Ne3 d5 
1/2-1/2

[Event "16th EUR-ch"]
[Site "Jerusalem ISR"]
[Date "2015.03.01"]
[Round "5"]
[White "Rombaldoni, Axel"]
[Black "Dubov, Daniil"]
[Result "0-1"]
[WhiteElo "2488"]
[BlackElo "2632"]
[EventDate "2015.02.24"]
[PlyCount "134"]

1.e4 c5 2.Nf3 Nc6 3.d4 cxd4 4.Nxd4 e6 5.Nc3 Qc7 6.g3 a6 7.Bg2 d6 8.Nxc6 
bxc6 9.O-O Nf6 10.Na4 Bb7 11.c4 c5 12.Re1 Nd7 13.b3 Be7 14.Bb2 O-O 15.f4 
Bc6 16.Nc3 Bf6 17.h3 Rab8 18.Qc2 Bd4+ 19.Kh2 Qb7 20.Rad1 Rfe8 21.Rd2 a5 
22.Nb5 Bxb5 23.cxb5 e5 24.a4 Nb6 25.f5 Rec8 26.f6 gxf6 27.Qd1 Qe7 28.h4 
Kh8 29.Bh3 Rg8 30.Bxd4 exd4 31.Rf2 Rg7 32.Qf3 Qe5 33.Rg1 d5 34.Qxf6 Qxf6 
35.Rxf6 dxe4 36.Bf5 e3 37.Rc6 Rgg8 38.Rxc5 Rbd8 39.Bd3 Nd5 40.Rc4 Nf6 41.
Kg2 Ng4 42.Kf3 Ne5+ 43.Ke2 Nxc4 44.bxc4 Rc8 45.g4 f5 46.g5 f4 47.Kf3 Rgf8 
48.g6 hxg6 49.Rxg6 Rce8 50.Rh6+ Kg7 51.Rd6 Rh8 52.Rg6+ Kf7 53.Rg4 Re5 54.
Rxf4+ Ke7 55.c5 Rxc5 56.Rxd4 Re5 57.Be4 Rxh4 58.Kxe3 Rc5 59.b6 Rc3+ 60.Kd2
Rb3 61.b7 Rxb7 62.Rc4 Rb2+ 63.Kc3 Rb4 64.Bd3 Rhxc4+ 65.Bxc4 Rxa4 66.Bb3 
Rb4 67.Bc4 Kd6 0-1

[Event "16th EUR-ch"]
[Site "Jerusalem ISR"]
[Date "2015.03.01"]
[Round "5"]
[White "Bartel, Mateusz"]
[Black "Ducarmon, Quinten"]
[Result "1-0"]
[WhiteElo "2631"]
[BlackElo "2482"]
[EventDate "2015.02.24"]
[PlyCount "49"]

1.d4 Nf6 2.c4 e6 3.Nf3 b6 4.Bf4 Bb4+ 5.Nfd2 c5 6.a3 Bxd2+ 7.Nxd2 cxd4 8.
Bd6 Nc6 9.g3 Bb7 10.Bg2 Qc8 11.O-O Ne7 12.Bxb7 Qxb7 13.Nf3 Nf5 14.Be5 Qe4 
15.Qd2 d6 16.Bxd4 e5 17.Bc3 Qxc4 18.Rac1 Ne4 19.Qd1 Nxc3 20.Rxc3 Qe4 21.
Ng5 Qg4 22.Qd5 O-O 23.Nxf7 Qh5 24.Nd8+ Kh8 25.Qxa8 1-0

[Event "16th EUR-ch"]
[Site "Jerusalem ISR"]
[Date "2015.03.01"]
[Round "5"]
[White "Kozul, Zdenko"]
[Black "Goryachkina, Aleksandra"]
[Result "1/2-1/2"]
[WhiteElo "2630"]
[BlackElo "2451"]
[EventDate "2015.02.24"]
[PlyCount "98"]

1.c4 c6 2.e4 d5 3.cxd5 cxd5 4.exd5 Nf6 5.Nc3 Nxd5 6.Nf3 Nc6 7.Bb5 e6 8.O-O
Nxc3 9.bxc3 a6 10.Bxc6+ bxc6 11.d4 Bd6 12.Re1 O-O 13.Ng5 Be7 14.Ne4 a5 15.
a4 Re8 16.Qh5 Qd5 17.Ng5 Qf5 18.Re5 Qg6 19.Qxg6 hxg6 20.Nf3 c5 21.Ba3 f6 
22.Ree1 Bd7 23.Bxc5 Bxc5 24.dxc5 e5 25.Red1 Re7 26.Nd2 Rc8 27.Nb3 Be6 28.
c4 Bxc4 29.Nxa5 Rxc5 30.Nxc4 Rxc4 31.a5 g5 32.a6 Ra7 33.Rd6 Rb4 34.Kf1 Kf7
35.Rc1 Ra4 36.Rcc6 g4 37.Ke2 Ra3 38.Rb6 Kg6 39.g3 Kf5 40.Kd2 Ke4 41.Ke2 
Ra2+ 42.Kf1 Rc7 43.Rbc6 Rxc6 44.Rxc6 f5 45.Kg2 f4 46.gxf4 exf4 47.Rg6 Kf5 
48.Rxg7 Rxa6 49.h3 gxh3+ 1/2-1/2

[Event "16th EUR-ch"]
[Site "Jerusalem ISR"]
[Date "2015.03.01"]
[Round "5"]
[White "Yilmazyerli, Mert"]
[Black "Khairullin, Ildar"]
[Result "1/2-1/2"]
[WhiteElo "2465"]
[BlackElo "2629"]
[EventDate "2015.02.24"]
[PlyCount "35"]

1.e4 c6 2.Ne2 d5 3.e5 c5 4.d4 Nc6 5.c3 e6 6.Nd2 f6 7.Nf3 cxd4 8.cxd4 fxe5 
9.dxe5 Bc5 10.Nf4 Nh6 11.Nd3 Bb6 12.Bxh6 gxh6 13.Qd2 Qe7 14.Qxh6 Ba5+ 15.
Kd1 Bd7 16.Qh5+ Kd8 17.Rc1 Bb6 18.Qg5 1/2-1/2